عرض عادي عرض مارك
  • Fuchs, Christopher A.,

مدخل إسم شخص

عدد التسجيلات المستخدمة في: 1

001 - رقم الضبط

  • حقل الضبط: 15445

003 - معرف رقم الضبط

  • حقل الضبط: OSt

005 - تاريخ ووقت أخر عملية

  • حقل الضبط: 20120601172421.0

008 - عناصر بيانات ثابتة الطول

  • حقل تحكم ثابت الطول: 120601|||a|||||| | ||| d

040 ## - مصدر الفهرسة

  • هيئة الفهرسة الأصلية: OSt
  • وكالة الكتابة: OSt

100 ## - مدخل -- أسم شخص

  • إسم شخص: Fuchs, Christopher A.,
  • تواريخ مرتبطة بالاسم: 1964-
  • تفريع شكلي: Correspondence.

670 ## - بيانات المصدر موجوده

  • الاستشهاد بالمصدر: Work cat.: (OSt)24214: Fuchs, Christopher A., 1964- 15444, Coming of Age With Quantum Information :, 2011.